01377cam a2200289 i 4500001001000000003000900010005001700019007000300036008004100039040003000080082002100110100005200131245014600183264003700329300004500366336002700411337003300438338002800471590002500499600004200524651011700566910000700683942001400690952012000704952024800824999001501072000007622DO-SdBNP20250602113834.0ta830808s1942 ag a a 000 0 spa  aDO-SdBNPbspacBNPHUerda a923.9bC719G2221 aGandía, Enrique de,d1906-2000.eautor92115010aHistoria de Crístobal Colón :banálisis crítico de las fuentes documentales y de los problemas colombínos /cEnríque de Gandía. aBuenos Aires :bClaridad,c1942. a493 páginas :bilustraciones ;c20 cm. ardacontentbtexto2txt ardamediabsin mediación2n ardacarrierbvolumen2nc aInventariado,2024/DG 0aCOLÓN, CRISTOBAL,d1436-1456919795 0aAmérica del SurxHistoria yGuerras de Independencia, 1806-1830zEspañolesvEnsayo, conferencias, etc.94537 aDG 2ddccLBS1 001052708MOaGRbGRcCTd2009-09-09iLF1l0o923.9 C719Gp7622-10r2020-06-25w2020-06-25y2ZPréstamo interno 00102ddc51708PDaBNPHUbBNPHUcCTd2024-10-30eDonado por la Presidencia de la República Dominicana 2023l0oBNPHU PD 923.9 C719Gp2024-6272r2024-10-30te.2w2024-10-30yLBS1zPertenecio a la biblioteca personal de Emilio Cordero Michel c7402d7402